| 000 | 00399nam a22001457a 4500 | ||
|---|---|---|---|
| 020 | _a9788177584400 | ||
| 040 | _cNust | ||
| 082 |
_a621.382 _bSKL |
||
| 100 |
_aBernard Sklar _9123378 |
||
| 245 |
_aDigital Communications _bFundamentals and Applications |
||
| 250 | _a2nd Edition | ||
| 260 |
_aNew Delhi: _bPearson Education Inc, _c2006. |
||
| 650 |
_aDigital Communications _9237 |
||
| 942 |
_2ddc _cBK |
||
| 999 |
_c610320 _d610320 |
||